000 01426nam0a22002891 4500
001 rc\922496
005 20250622043533.0
035 _a(NLR Aleph) 006096366
090 _a5212453
_c5212453
100 _a20041129d1982 |||y0rusy50 ca
101 0 _arus
102 _aRU
105 _aa |||||||||
200 1 _aОпыт совершенствования техники полукоксования кускового горючего сланца
_e[Доклад]
_eIV Всесоюз. совещ. по химии и технологии твердого топлива
210 _aМ.
_cБ. и.
_d1982
215 _a13 с.
_cил.
_d20
300 _aВ надзаг.: М-во угол. пром-сти СССР, Отд-ние общ. и техн. химии АН СССР, Науч. совет по химии ископаемого твердого топлива, Всесоюз. хим. о-во им. Д.И. Менделеева, Ин-т горючих ископаемых
320 _aБиблиогр.: с. 12-13
333 _aДСП. Экз. № 10
700 1 _4070
_7ca
_8rus
_aЕфимов
_bВ. М.
_cд-р техн. наук
_f1930-2002
_gВиктор Михайлович
_9263362
_3RU\NLR\AUTH\770263418
701 1 _aРоокс
_bИ.Х.
_gИвар Харальдович
801 0 _aRU
_bNLR
_gpsbo
801 1 _aRU
_bELAR
_2rusmarc
852 _aNLR
_j82-50К/4341
942 _cBOOK
980 _aNB